00566 a2200205 4500260001300000630011500013037001200128650003100140260004200171245002400213300001100237650003200248260000900280300000900289100000700298440001600305037001200321037001200333020001500345 aPoitiers a91 - Geographie. exploration de la terre, des diverses regions, des divers pays. Voyages. Geographie regionale b2, WVSC a9 - GEOGRAPHIE ET HISTOIRE bNouvelles Editions de l'Université  aLe guide du Bénin a159 p. aBénin : guide touristique c2001 b22cm lFr aPetitfuté aL 15301 aL 15302 a2862739464